000 006670000a22002050004500
020 _a84-7057-181-8
041 0 _aSPA
082 0 4 _aG 232.9 F647j
100 1 _aFlusser, David (1917-)
245 1 0 _aJesús en sus palabras y en su tiempo / David Flusser ; Joaquín Losada, Prólogo ; José Corell, Traductor
260 _aMadrid, España : Cristiandad
300 _a164 Pag
500 _aTítulo original : Jesus in selbstzugnissen
650 1 4 _aJESUCRISTO - BIOGRAFIAS \ ARQUEOLOGIA BIBLICA N.T. - EVANGELIOS
001 3726
942 _cBK
999 _c34365
_d34365
336 _atexto
_btxt
_2rdacontent
337 _2rdamedia
_asin mediación
_bn
338 _2rdacarrier
_avolumen
_bnc